[Event "Internet Section 06A g/8'+2\""]
[Site "Dos Hermanas"]
[Date "2004.03.06"]
[Round "1"]
[White "Dijkstra, Theo"]
[Black "Scholtus, Hugo"]
[Result "0-1"]
[WhiteElo "1352"]
[BlackElo "2032"]
[PlyCount "28"]
[EventDate "2004.03.06"]
[EventType "swiss (blitz)"]
[EventRounds "9"]
[EventCountry "ESP"]
[SourceTitle "CBM 099 Extra"]
[Source "ChessBase"]
[SourceDate "2004.05.04"]
[SourceVersion "1"]
[SourceVersionDate "2004.05.04"]
[SourceQuality "1"]

1. Nf3 Nf6 2. c4 d5 3. cxd5 g6 4. e3 Nxd5 5. Bc4 Bg7 6. 0-0 0-0 7. Nc3 Nb6 8. Bb3 c5 9. d4 cxd4 10. exd4 Nc6 11. d5 Ne5 12. h3 Bf5 13. Bf4 Nd3 14. Qe2 Nxf4 0-1